Giáo dục công dân: Cùng sống

Αποθηκεύτηκε σε:
Λεπτομέρειες βιβλιογραφικής εγγραφής
Μορφή: Βιβλίο
Ετικέτες: Προσθήκη ετικέτας
Δεν υπάρχουν, Καταχωρήστε ετικέτα πρώτοι!
Thư viện lưu trữ: Mạng thư viện Đại học Đà Nẵng
LEADER 00409nam a22001691a 4500
001 000040399
003 16694
005 20160412022922.0
008 160412s0 000
082 |a 4N(TK)2188 
245 |a Giáo dục công dân: Cùng sống 
OWN |a LNN 
999 |a From the UDN01 
TYP |a Monograph 
980 |a Mạng thư viện Đại học Đà Nẵng